000 00555nam a2200181 i 4500
001 bg
100 1 _aSzymański, Henryk
_d(1931- ).
245 1 0 _aUrządzenia alfanumeryczne informacji wizualnej /
_cKazimierz Friedel, Jerzy Zdanowski.
260 _aWarszawa :
_bWydawn. Nauk.-Techn.,
_c1974.
300 _as. 269, nlb. 1 :
_brys., ilustr.
504 _a[Zawiera bibliogr. s. 260-266].
700 1 _aZdanowski, Jerzy
_d(1949- ).
040 _cBPK
041 _apol
080 _a621.38:007
942 _cKS
008 s pl f |000 0 pol
999 _c26126
_d26126
856 _uhttp://koha.tu.koszalin.pl/cgi-bin/koha/opac-detail.pl?biblionumber=26126
_yKatalog online BPK